| Поле | Название | Значение |
| |
Тип записи |
a |
| |
Библиографический уровень |
m |
| 001 |
Контрольный номер |
RU/URAIT/598418 |
| 005 |
Дата корректировки |
20260429163641.6 |
| 008 |
Кодируемые данные |
260429s2026 RU y f j 000 0 rus u |
| 020 |
Индекс ISBN |
__ |
| a |
ISBN |
978-5-534-02795-2 |
| c |
Цена, тираж |
1489.00 |
| 040 |
Источник каталогиз. |
__ |
| a |
Служба первич. каталог. |
ИКО Юрайт |
| c |
Служба, преобразующая запись |
ИКО Юрайт |
| e |
Правила каталог. |
RCR |
| 041 |
Код языка издания |
__ |
| a |
Код языка текста |
rus |
| 044 |
Код страны публикации |
__ |
| a |
Код страны публикации |
RU |
| 080 |
Индекс УДК |
__ |
| a |
Индекс УДК |
51(075.8) |
| 084 |
Индекс другой классификации/Индекс ББК |
__ |
| 2 |
Источник индекса |
rubbk |
| a |
Индекс другой классификации/Индекс ББК |
22.16я73 |
| 100 |
Автор |
__ |
| a |
Автор |
Кудрявцев Л. Д. |
| q |
Полное имя |
Кудрявцев Лев Дмитриевич |
| 245 |
Заглавие |
__ |
| a |
Заглавие |
Курс математического анализа в 3 т. Том 3 |
| b |
Продолж. заглавия |
учебник для вузов |
| c |
Ответственность |
Л. Д. Кудрявцев. |
| 250 |
Сведения об издании |
__ |
| g |
|
пер. и доп |
| a |
Основные сведения об издании |
6-е изд. |
| 256 |
Характеристики компьютерного файла |
__ |
| a |
Характеристики компьютерного файла |
Электрон. дан. |
| 260 |
Выходные данные |
__ |
| a |
Место издания |
Москва |
| b |
Издательство |
Юрайт |
| c |
Дата издания |
2026 |
| 300 |
Физическое описание |
__ |
| a |
Объем |
351 с |
| 440 |
Серия |
__ |
| a |
Серия |
Высшее образование |
| 500 |
Примечания |
__ |
| a |
Примечание |
URL: https://urait.ru/bcode/598418 (дата обращения: 29.04.2026). |
| 520 |
Аннотация |
__ |
| a |
Аннотация |
В учебнике излагаются как традиционные классические методы, так и современные, которые возникли в последние десятилетия. Изложение материала в курсе ведется индуктивным методом: по возможности все вводимые понятия изучаются сначала в простейших ситуациях, а после обстоятельного их рассмотрения и накопления достаточного числа конкретных примеров производятся дальнейшие обобщения. Учебник содержит упражнения, примеры и задачи для самостоятельного решения. Издание состоит из трех томов. В третьем томе излагаются элементы гармонического анализа. Ряд теорем классического анализа обобщается на случай различных пространств. |
| 538 |
Прим. о системных особенностях |
__ |
| a |
Прим. о системных особенностях |
Режим доступа: Электронно-библиотечная система Юрайт, для авториз. пользователей |
| 653 |
Ключевые слова |
__ |
| a |
Ключевые слова |
Математический анализ |
| 653 |
Ключевые слова |
__ |
| a |
Ключевые слова |
Математика и статистика |
| 653 |
Ключевые слова |
__ |
| a |
Ключевые слова |
Математический анализ |
| 653 |
Ключевые слова |
__ |
| a |
Ключевые слова |
Основы математического анализа |
| 653 |
Ключевые слова |
__ |
| a |
Ключевые слова |
Математика. Математический анализ |
| 653 |
Ключевые слова |
__ |
| a |
Ключевые слова |
Введение в математический анализ |
| 653 |
Ключевые слова |
__ |
| a |
Ключевые слова |
Элементы математического анализа в задачах защиты информации |
| 653 |
Ключевые слова |
__ |
| a |
Ключевые слова |
Элементы математического анализа в школе |
| 856 |
Электронный адрес документа |
40 |
| n |
Местонахождение сервера |
Юрайт |
| g |
|
Электронная книга |
| q |
Тип электронного формата |
html |
| h |
Имя пользователя |
ЮРАЙТ |
| v |
Часы доступа к ресурсу |
20271231 |
| 2 |
Способ доступа |
Показать документ |
| x |
Служебное примечание |
https://urait.ru/book/cover/7EF0E640-4E1D-444B-882B-48CF9C9C5A42 |
| u |
URL |
https://urait.ru/bcode/598418 |
| 856 |
Электронный адрес документа |
48 |
| q |
Тип электронного формата |
cover |
| u |
URL |
https://urait.ru/book/cover/7EF0E640-4E1D-444B-882B-48CF9C9C5A42 |
| 911 |
|
__ |
| u |
|
0030=https://urait.ru/bcode/598418 |
| 911 |
|
__ |
| u |
|
073a=9785534027952 |
| u |
|
073d=1489.00 |
| 911 |
|
__ |
| u |
|
106a=s |
| 911 |
|
__ |
| u |
|
900l= |
| 952 |
Тип литературы |
__ |
| i |
Дисциплина |
Математический анализ |
| 952 |
Тип литературы |
__ |
| i |
Дисциплина |
Основы математического анализа |
| 952 |
Тип литературы |
__ |
| i |
Дисциплина |
Математика. Математический анализ |
| 952 |
Тип литературы |
__ |
| i |
Дисциплина |
Введение в математический анализ |
| 952 |
Тип литературы |
__ |
| i |
Дисциплина |
Элементы математического анализа в задачах защиты информации |
| 952 |
Тип литературы |
__ |
| i |
Дисциплина |
Элементы математического анализа в школе |